01419nam a22001817a 450000500170000000800410001702000180005805000190007610000030009524500730009825000120017126000440018330000380022750000330026550508960029870000220119470000210121620230622142627.0230622b ||||| |||| 00| 0 eng d a9780071283175 aHF5635.M36(8e)  aAccounting: what the numbers means /cDavid H. Marshall ... [et al.] a8th ed. aNew York :bMcGraw-Hill / Irwin,c2008. axx, 742 p. :bcol. ill. ;c26 cm. aIncludes appendix and index. aContents: Accounting - past and present -- Part 1: Financial accounting: Financial statements and accounting concepts and principles -- Fundamental interpretations made from financial statement data -- The bookkeeping process and transaction analysis -- Accounting for and presentation of current assets -- Accounting for and presentation of property, plant, and equipment and other noncurrent assets -- Accounting for and presentation of liabilities -- Accounting for and presentation of owner's equity -- The income statement and the statement of cash flows -- Corporate governance, explanatory notes, and others disclosures -- Financial statement analysis -- Part 2: Managerial accounting: Managerial accounting and cost-volume-profit relationships -- Cost accounting and reporting systems -- Cost analysis for planning -- Cost analysis for control -- Cost accounting for decision making. aMcManus, Wayne W. aViele, Daniel F.